Crime and punishment

Na minha lista:
Detalhes bibliográficos
Autor principal: Dostoevsky, Fyodor
Outros Autores: Pevear, Richard (Dịch), Volokhonsky, Larissa (Dịch)
Formato: Livro
Idioma:English
Publicado em: London : David Campbell Publishers David Campbell Publishers 1993
coleção:Everyman's library
Assuntos:
Nga
Tags: Adicionar Tag
Sem tags, seja o primeiro a adicionar uma tag!
Thư viện lưu trữ: Trung tâm Học liệu Lê Vũ Hùng, Trường Đại học Đồng Tháp
LEADER 00918pam a22002658a 4500
001 00025375
005 20171026081023.0
008 110804s1993 ||||||engsd
041 0 # |a eng 
082 1 4 |a 891.73  |b CR300M 
100 1 # |a Dostoevsky, Fyodor 
245 1 0 |a Crime and punishment  |c Fyodor Dostoevsky; Transl. by Richard Pevear, Larissa Volokhonsky 
260 # # |b David Campbell Publishers  |c 1993  |a London : David Campbell Publishers 
300 # # |a xxxv,564 p.  |c 21 cm. 
490 # # |a Everyman's library 
504 # # |a Includes bibliographical references (p. xxvii) 
650 # 4 |a Nga 
650 # 4 |a Tiểu thuyết 
650 # 4 |a Văn học cận đại 
700 1 # |a Pevear, Richard  |e Dịch 
700 1 # |a Volokhonsky, Larissa  |e Dịch 
852 # # |b Kho đọc  |j KD.0008495 
852 # # |j KD.0008495 
910 |d 04/08/2011 
980 # # |a Trung tâm Học liệu Lê Vũ Hùng, Trường Đại học Đồng Tháp